中国主要机场IATA三字代码 - IATA Codes for Major Airports in China - Statistics

General Stats
  • This quiz has been taken 14 times
  • The average score is 30 of 44
Answer Stats
Answer % Correct
SHE
89%
HKG
78%
PEK
78%
PKX
78%
PVG
78%
SHA
78%
SJW
78%
SZX
78%
TPE
78%
TSN
78%
WUH
78%
CAN
67%
CGO
67%
CGQ
67%
CKG
67%
CSX
67%
CTU
67%
DLC
67%
FOC
67%
HAK
67%
HFE
67%
HGH
67%
HRB
67%
INC
67%
KHN
67%
KMG
67%
KWE
67%
LXA
67%
MFM
67%
NGB
67%
NKG
67%
NNG
67%
SYX
67%
TAO
67%
TFU
67%
TYN
67%
WNZ
67%
XIY
67%
XMN
67%
XNN
67%
HET
56%
LHW
56%
URC
56%
TNA
44%
No matching quizzes found
Score Distribution
Percent of People with Each Score
Percentile by Number Answered
Your Score History
You have not taken this quiz